Представление документа в формате MARC21

Поле Инд. ПП Название Значение
Тип записи a
Библиографический уровень m
001 Контрольный номер 79136c35ef15483e857ab0fd438d6bb1
005 Дата корректировки 20250605123647.0
080 a Индекс УДК 378.12(092)(01)
084 a Индекс другой классификации/Индекс ББК 74.480.42г.я1
097 b Оператор *Ви*
245 10 a Заглавие Кемайкин Валерий Константинович
b Продолж. заглавия биобиблиографический указатель литературы
c Ответственность Тверской государственный технический университет, Зональная научная библиотека
c Ответственность составитель Л.В. Плёнкина
260 a Место издания Тверь
c Дата издания 2024
b Издательство ТвГТУ
300 a Объем 32 с.
b Иллюстрации/ тип воспроизводства 1 л. портр.
440 _0 a Серия Ученые ТвГТУ
516 8_ a Прим. о типе комп. файла/ данных Текст : электронный
520 0_ a Аннотация Биобиблиографический указатель подготовлен к юбилею профессора кафедры «Радиотехнические информационные системы» Факультета информационных технологий Кемайкина Валерия Константиновича и включает публикации, изданные за период с 2014 по 2023 годы. Материал расположен по видам издания в хронологическом порядке, внутри года – в алфавите заглавий, что дает наглядную картину творческого пути учѐного. Библиографическое описание дано в соответствии с ГОСТ Р 7.0.100-2018 «Библиографическая запись. Библиографическое описание. Общие требования и правила составления». Указатель снабжен вступительной статьей, где приведены краткие биографические сведения и обзор научной, педагогической и общественной деятельности Валерия Константиновича. Отбор материала для указателя осуществлялся на основе ресурсов Зональной научной библиотеки Тверского государственного технического университета, электронной библиотеки Тверского государственного технического университета (https:// elib.tstu.tver.ru/MegaPro/Web), научной электронной библиотеки «eLIBRARY» (https://elibrary.ru).
535 1_ a Хранилище Сервер
653 0_ a Ключевые слова Ученые ТвГТУ
a Ключевые слова Кемайкин В.К.
a Ключевые слова Биобиблиографические указатели
900 a Имя макрообъекта 001-000159729-000000000-0000-0000-03
900 a Имя макрообъекта 001-000159729-000000000-0000-0000-01
901 t Тип документа m
905 b Дата создания записи обработка 22.04.24
922 c Кафедра Зональная научная библиотека
951 i EL-ТГТУ? Да